Sahitya samikhya (Record no. 3499)

MARC details
000 -LEADER
fixed length control field 00474cam a2200193ua 4500
001 - CONTROL NUMBER
control field 3672
005 - DATE AND TIME OF LATEST TRANSACTION
control field 20260515113719.0
008 - FIXED-LENGTH DATA ELEMENTS--GENERAL INFORMATION
fixed length control field 111126n ii |||gr||||Z||||||asm
040 ## - CATALOGING SOURCE
Transcribing agency MAIN
082 ## - DEWEY DECIMAL CLASSIFICATION NUMBER
Classification number 891.4514
100 1# - MAIN ENTRY--PERSONAL NAME
Personal name Bora, Rabindra Chandra,
245 11 - TITLE STATEMENT
Title Sahitya samikhya
Statement of responsibility, etc. by Rabindra Chandra Bora
250 ## - EDITION STATEMENT
Edition statement 1st.
260 ## - PUBLICATION, DISTRIBUTION, ETC.
Place of publication, distribution, etc. Guwahati:
Name of publisher, distributor, etc. Banalata,992.
300 ## - PHYSICAL DESCRIPTION
Extent 183p:
Dimensions 23cm.
653 ## - INDEX TERM--UNCONTROLLED
Uncontrolled term Assamese literature
653 ## - INDEX TERM--UNCONTROLLED
Uncontrolled term Sahitya samikhya
942 ## - ADDED ENTRY ELEMENTS (KOHA)
Koha item type Books
Holdings
Withdrawn status Lost status Damaged status Not for loan Home library Current library Shelving location Date acquired Total checkouts Full call number Barcode Date last seen Copy number Price effective from Koha item type
        Naharkatiya College Library Naharkatiya College Library General stacks 09/19/2020   891.4514 | BOR 8033 09/19/2020 1 09/19/2020 Books